000 00565nam a2200205Ia 4500
005 20250729161151.0
008 008 250516s9999 xx 000 0 eng d
020 _a9783031338588
040 _beng
_cSDCL
041 _aeng
_2eng
084 _aB334 R3.1
100 _aTaylor, Michael
_9816853
245 0 _aPartial differential equations I :
_bBasic theory
250 _a3rd ed.
260 _aSwitzerland :
_bSpringer,
_c2023.
300 _axxiv, 714p.
490 _aApplied mathematical sciences
650 _aMathematics
_9816854
942 _cTEXL
_2CC
999 _c1430803
_d1430803